K směrnému růstu a minimální mzdě.

Výťah z prednášky prednesenej na seminárnom školení 5.3.1991 v Prahe. Smerný rast miezd ako nový nástroj nahradzujúci predchádzajúce metódy a mechanizmy v oblasti rastu miezd. Východiská výpočtu priemerných nominálnych miezd. Premietanie smerného rastu miezd do výšky individuálnych miezd. Postup pri...

Ausführliche Beschreibung

Gespeichert in:
Bibliographische Detailangaben
1. Verfasser: Starecký, V.
Format: Buchkapitel
Sprache:Slowakisch
Schlagworte:
Tags: Tag hinzufügen
Keine Tags, Fügen Sie das erste Tag hinzu!

MARC

LEADER 00000naa a2200000 4500
001 r005278
005 20221125080748.7
041 0 |a slo 
044 |a [CS] 
245 1 0 |a K směrnému růstu a minimální mzdě.  |c V. Starecký 
520 |a Výťah z prednášky prednesenej na seminárnom školení 5.3.1991 v Prahe. Smerný rast miezd ako nový nástroj nahradzujúci predchádzajúce metódy a mechanizmy v oblasti rastu miezd. Východiská výpočtu priemerných nominálnych miezd. Premietanie smerného rastu miezd do výšky individuálnych miezd. Postup pri určovaní výšky minimálnej mzdy. Realizácia minimálnej mzdy. 
610 2 0 |a regulácia miezd 
610 2 0 |a mzdy minimálne 
610 2 0 |a mzdy nominálne 
610 2 0 |a ČSFR 
100 1 |a Starecký, V.